LIBRARY & INFORMATION CENTRE, KCAET, TAVANUR

ONLINE PUBLIC ACCESS CATALOGUE (OPAC)

Water supply and waste water disposal / (Record no. 1588)

MARC details
000 -LEADER
fixed length control field 00491cam a2200193ua 4500
041 ## - LANGUAGE CODE
Language code of text/sound track or separate title eng
082 ## - DEWEY DECIMAL CLASSIFICATION NUMBER
Classification number 628.11
Item number FAI/WA
100 ## - MAIN ENTRY--AUTHOR NAME
Personal name Fair, Gordon maskew .
245 ## - TITLE STATEMENT
Title Water supply and waste water disposal /
250 ## - EDITION STATEMENT
Edition statement 1 /
260 ## - PUBLICATION, DISTRIBUTION, ETC. (IMPRINT)
Place of publication :
Name of publisher John Wiley & Sons ,
Year of publication 1963.
300 ## - PHYSICAL DESCRIPTION
Number of Pages 973 ; .
700 1# - ADDED ENTRY--PERSONAL NAME
Personal name Geyer, John charles .
942 ## - ADDED ENTRY ELEMENTS (KOHA)
Koha item type Books
Holdings
Withdrawn status Lost status Damaged status Home library Current library Date acquired Full call number Accession Number Koha item type
      KAUAET KAUAET 07/04/2012 628.11 FAI/WA 3631 Books
Withdrawn     KAUAET KAUAET 08/10/2021 628.11 FAI/WA 7963 Books
free website counter